LOS FUNDAMENTOS DE LA DOCTRINA ISLAMICA (Registro nro. 54482)
[ vista simple ]
| 000 -LEADER | |
|---|---|
| fixed length control field | 01099nam a2200217 a 4500 |
| 001 - CONTROL NUMBER | |
| control field | 54482 |
| 005 - DATE AND TIME OF LATEST TRANSACTION | |
| control field | 20180714045329.0 |
| 008 - FIXED-LENGTH DATA ELEMENTS--GENERAL INFORMATION | |
| fixed length control field | 140415s2009 ir 000 0 spa d |
| 020 ## - INTERNATIONAL STANDARD BOOK NUMBER | |
| International Standard Book Number | 9789645817563 |
| 041 ## - LANGUAGE CODE | |
| Language code of text/sound track or separate title | spa |
| 082 ## - DEWEY DECIMAL CLASSIFICATION NUMBER | |
| Classification number | 297.2 |
| Item number | LAR |
| 100 1# - MAIN ENTRY--PERSONAL NAME | |
| Personal name | LARI, SAYYID MUJTABA MUSAVI |
| 245 14 - TITLE STATEMENT | |
| Title | LOS FUNDAMENTOS DE LA DOCTRINA ISLAMICA |
| 250 ## - EDITION STATEMENT | |
| Edition statement | 1a ed. |
| 260 ## - PUBLICATION, DISTRIBUTION, ETC. | |
| Place of publication, distribution, etc. | IRAN : |
| Name of publisher, distributor, etc. | FUNDATION OF ISLAMIC CULTURAL PROPAGATION IN THE WORL, |
| Date of publication, distribution, etc. | 2009 |
| 300 ## - PHYSICAL DESCRIPTION | |
| Extent | 227 |
| Dimensions | x 1.41 x 21.3 |
| 490 ## - SERIES STATEMENT | |
| Series statement | TINTA Y VOZ |
| 520 ## - SUMMARY, ETC. | |
| Summary, etc. | UN CRECIENTE VACIO INTELECTUAL E IDEOLOGICO ALEJA AL HOMBRE DE LA PERCEPCION DE LA REALIDAD HACIA UN TORBELLINO DE CORRUPCION. HOY SOMOS TESTIGOS DE QUE MUCHAS DE LAS ENERGIAS CREATIVAS DEL HOMBRE SON DERROCHADAS CUANDO ESTE CIERRA SUS OJOS AL RICO Y AGITADO ACEANO DE CULTURA Y PENSAMIENTO QUE CONSTITUYE LA RELIGION, Y VEMOS COMO PERMITE QUE SU VIDA INTELECTUAL SEA MASACRADA POR LAS IDEOLOGIAS DEL MUNDO MODERNO. ACTUALMENTE, A LA SEDIENTE Y ATURDIDA GENERACION DE NUESTROS DIAS LE ESTAN |
| 650 14 - SUBJECT ADDED ENTRY--TOPICAL TERM | |
| Topical term or geographic name entry element | ISLAMISMO |
| 700 1# - ADDED ENTRY--PERSONAL NAME | |
| Personal name | BRUSA, HAIDAR TAUFIQ |
| Relator term | tr. |
| Withdrawn status | Lost status | Source of classification or shelving scheme | Damaged status | Not for loan | Collection code | Home library | Current library | Shelving location | Date acquired | Source of acquisition | Inventory number | Total Checkouts | Full call number | Barcode | Date last seen | Date last checked out | Price effective from | Koha item type |
|---|---|---|---|---|---|---|---|---|---|---|---|---|---|---|---|---|---|---|
| Dewey Decimal Classification | General | Biblioteca Karol Wojtyla | Biblioteca Karol Wojtyla | Sala general | 03/12/2013 | Compra | 151000000000000000058208 | 297.2 LAR | 81564 | 05/01/2026 | 22/10/2015 | 03/12/2013 | Libro |